| 000 | 00950cab a2200325 4500 | ||
|---|---|---|---|
| 001 | ABS57344 | ||
| 008 | 090401t1997 xxu||||| |||| 00| 0 eng d | ||
| 035 | _a(Sirsi) u79972 | ||
| 041 | _aeng | ||
| 100 | _aCastorina, G. | ||
| 245 | _aCall-in anytime? | ||
| 260 | _c1997 | ||
| 350 | _a0 | ||
| 490 |
_aEstates Gazette _v(9730) 26 July 1997, 114-116(3) |
||
| 520 | _aDetails how the new SoS John Prescott has wide powers to intervene in the planning process and shape future policy. | ||
| 650 | _aCALL-IN PROCEDURE | ||
| 650 | _aCALL-IN | ||
| 650 | _aGOVERNMENT INTERVENTION | ||
| 650 | _aPLANNING APPEALS | ||
| 650 | _aPLANNING APPLICATIONS | ||
| 650 | _aPLANNING POLICY GUIDANCE | ||
| 650 | _aPLANNING POLICY | ||
| 650 | _aPLANNING PROCESS | ||
| 650 | _aSOS ENVIRONMENT | ||
| 650 | _aTOWN AND COUNTRY PLANNING ACT 1990 | ||
| 690 | _aPLANNING LAW AND PRACTICE | ||
| 700 | _aPiatt, A. | ||
| 942 | _n0 | ||
| 948 | _c29/07/1997 | ||
| 999 |
_c50327 _d50327 |
||